Francia utazók az Alföldön

Elmentve itt :
Bibliográfiai részletek
Szerző: Birkás Géza
Dokumentumtípus: Cikk
Megjelent: 1943
Sorozat:Délvidéki szemle 2
Kulcsszavak:Művelődéstörténet, Útleírás története - francia - Magyarország - regionális
Tárgyszavak:
Online Access:http://acta.bibl.u-szeged.hu/19274
LEADER 00718nab a2200193 i 4500
001 acta19274
005 20251014081957.0
008 161015s1943 hu o 000 hun d
040 |a SZTE Egyetemi Kiadványok Repozitórium  |b hun 
041 |a hun 
100 1 |a Birkás Géza 
245 1 0 |a Francia utazók az Alföldön  |h [elektronikus dokumentum] /  |c  Birkás Géza 
260 |c 1943 
300 |a 207-217 
490 0 |a Délvidéki szemle  |v 2 
650 4 |a Bölcsészettudományok 
650 4 |a Történettudomány és régészet 
695 |a Művelődéstörténet, Útleírás története - francia - Magyarország - regionális 
856 4 0 |u http://acta.bibl.u-szeged.hu/19274/1/delvideki_szemle_002_207-217.pdf  |z Dokumentum-elérés